<?xml version="1.0" encoding="UTF-8"?>
<marc:record xmlns:marc="http://www.loc.gov/MARC21/slim">
   <marc:leader>00000nam a2200000 a 4500</marc:leader>
   <marc:datafield ind1="1" ind2=" " tag="100">
      <marc:subfield code="a">Mittermair, Jonathan</marc:subfield>
      <marc:subfield code="4">aut</marc:subfield>
      <marc:subfield code="e">Verfasser/-in</marc:subfield>
   </marc:datafield>
   <marc:datafield ind1=" " ind2=" " tag="653">
      <marc:subfield code="a">Traum</marc:subfield>
   </marc:datafield>
   <marc:datafield ind1=" " ind2=" " tag="653">
      <marc:subfield code="a">Selbstbewusstsein</marc:subfield>
   </marc:datafield>
   <marc:datafield ind1=" " ind2=" " tag="653">
      <marc:subfield code="a">Adler</marc:subfield>
   </marc:datafield>
   <marc:datafield ind1=" " ind2=" " tag="653">
      <marc:subfield code="a">Autor &lt;Österreich&gt;</marc:subfield>
   </marc:datafield>
   <marc:datafield ind1="0" ind2="0" tag="245">
      <marc:subfield code="a">Der Adler Aaron</marc:subfield>
   </marc:datafield>
   <marc:datafield ind1="0" ind2="0" tag="245">
      <marc:subfield code="b">und das geheimnisvolle Erfolgstagebuch</marc:subfield>
   </marc:datafield>
   <marc:datafield ind1=" " ind2="1" tag="264">
      <marc:subfield code="b">Eigenverlag</marc:subfield>
      <marc:subfield code="c">2021</marc:subfield>
   </marc:datafield>
   <marc:datafield ind1="1" ind2=" " tag="520">
      <marc:subfield code="a">Gewinne mehr Selbstbewusstsein und Mut – mit Erfolgstagebuch-Schreiben
Was hält uns davon ab, das Leben unserer Träume zu führen? Es ist unser zu kleines Selbstbewusstsein.
Sei mutig und gewinne mehr Selbstbewusstsein, indem du täglich dein Erfolgstagebuch schreibst. Das lernst du spielerisch auf der abenteuerlichen Reise des Adlers Aaron, der bei den Hühnern aufwächst, vom großen Adler Magnus das Fliegen lernt und dabei auch sich selbst findet.
Diese wundervolle Geschichte zeigt dir einen bewährten Weg zu einem erfolgreichen, glücklichen und selbstbestimmten Leben in Freiheit.
Ein einzigartiges Mental-Trainingsbuch zur positiven Persönlichkeitsentwicklung und Potentialentfaltung. Für alle, die mehr Chancen im Leben haben wollen.
</marc:subfield>
   </marc:datafield>
   <marc:datafield ind1=" " ind2=" " tag="020">
      <marc:subfield code="a">9783950417708</marc:subfield>
      <marc:subfield code="9">9783950417708</marc:subfield>
   </marc:datafield>
</marc:record>
